| 000 | 00000nam 2200000zi 4500 |
| 001 | 9.929291 |
| 003 | CaOODSP |
| 005 | 20250122131029 |
| 006 | m o d f |
| 007 | cr ||||||||||| |
| 008 | 231023t20242023quca ob f000 0 eng d |
| 020 | |a9780660684130 |
| 040 | |aCaOODSP|beng|erda|cCaOODSP |
| 043 | |an-cn--- |
| 086 | 1 |aEn84-154/2024E-PDF |
| 245 | 00|aEmission estimate guide for primary aluminum producers. |
| 250 | |a[2024 Edition]. |
| 264 | 1|a[Gatineau, QC] : |bEnvironment and Climate Change Canada = Environnement et Changement climatique Canada,|c[2024] |
| 264 | 4|c©2023 |
| 300 | |a1 online resource (i, 23 pages) : |bcharts |
| 336 | |atext|btxt|2rdacontent |
| 337 | |acomputer|bc|2rdamedia |
| 338 | |aonline resource|bcr|2rdacarrier |
| 500 | |aIssued also in French under title: Guide d'estimation des émissions pour les producteurs d'aluminium primaire. |
| 504 | |aIncludes bibliographical references (page 23). |
| 520 | |a"The purpose of this document and the accompanying spreadsheet is to clarify the reporting requirements for aluminium smelters in the primary sector and describe the recommended procedures and approaches for estimating releases of substances listed in the National Pollutant Release Inventory (NPRI)"--Page i. |
| 650 | 0|aAluminum industry and trade|zCanada|xBy-products. |
| 650 | 0|aAir|xPollution|zCanada|xMeasurement. |
| 650 | 0|aAir quality management|zCanada. |
| 650 | 0|aPollution|xMeasurement. |
| 710 | 1 |aCanada. |bEnvironment and Climate Change Canada, |eissuing body. |
| 775 | 08|tGuide d'estimation des émissions pour les producteurs d'aluminium primaire.|w(CaOODSP)9.929293 |
| 795 | |tEmission estimate guide for primary aluminum producers.|b[2020 Edition]|w(CaOODSP)9.887698 |
| 856 | 40|qPDF|s1.75 MB|uhttps://publications.gc.ca/collections/collection_2025/eccc/En84-154-2024-eng.pdf |
| 856 | 4 |qHTML|sN/A|uhttps://www.canada.ca/en/environment-climate-change/services/national-pollutant-release-inventory/report/sector-specific-tools-calculate-emissions/emission-estimation-guide-primary-aluminum-producers.html |
| 986 | |aEC23064 |